Study on behavior berwwen yellow cheeked and pileated gibbon in cage in phom tamao wildlife rescue center, សិក្សាចិរិកលក្ខណៈរាងទោចថ្ពោល់លឿង និង ទោចម្កុដក្នុងទ្រុងនៅក្នុងឧទ្យាសួនសត្វ និងមជ្ឈមណ្ឌលសង្រ្គោះសត្វសត្វព្រៃភ្នំតាម៉ៅ (Record no. 3319)
[ view plain ]
| 000 -LEADER | |
|---|---|
| fixed length control field | 00813nam a22001577a 4500 |
| 003 - CONTROL NUMBER IDENTIFIER | |
| control field | OSt |
| 005 - DATE AND TIME OF LATEST TRANSACTION | |
| control field | 20151111152316.0 |
| 008 - FIXED-LENGTH DATA ELEMENTS--GENERAL INFORMATION | |
| fixed length control field | 151111b xxu||||| |||| 00| 0 eng d |
| 040 ## - CATALOGING SOURCE | |
| Transcribing agency | RUA |
| 082 ## - DEWEY DECIMAL CLASSIFICATION NUMBER | |
| Classification number | FOR SAK 2006 B132 Or.1 |
| 100 ## - MAIN ENTRY--PERSONAL NAME | |
| 9 (RLIN) | 3564 |
| Personal name | SAK, OUSAPHEA. |
| 245 ## - TITLE STATEMENT | |
| Title | Study on behavior berwwen yellow cheeked and pileated gibbon in cage in phom tamao wildlife rescue center, សិក្សាចិរិកលក្ខណៈរាងទោចថ្ពោល់លឿង និង ទោចម្កុដក្នុងទ្រុងនៅក្នុងឧទ្យាសួនសត្វ និងមជ្ឈមណ្ឌលសង្រ្គោះសត្វសត្វព្រៃភ្នំតាម៉ៅ |
| 260 ## - PUBLICATION, DISTRIBUTION, ETC. (IMPRINT) | |
| Place of publication, distribution, etc. | Phom Penh |
| Name of publisher, distributor, etc. | RUA |
| Date of publication, distribution, etc. | 2006 |
| 300 ## - PHYSICAL DESCRIPTION | |
| Extent | xi; 51p. |
| Other physical details | ill. |
| Dimensions | 29cm. |
| 942 ## - ADDED ENTRY ELEMENTS (KOHA) | |
| Source of classification or shelving scheme | |
| Koha item type | FOR |
| Price effective from | Date last seen | Permanent Location | Not for loan | Date acquired | Source of classification or shelving scheme | Koha item type | Barcode | Lost status | Damaged status | Shelving location | Withdrawn status | Current Location | Full call number |
|---|---|---|---|---|---|---|---|---|---|---|---|---|---|
| 2015-11-11 | 2015-11-11 | Library Block B | 2015-11-11 | FOR | RUA028678 | B132 | Library Block B | FOR SAK 2006 B132 Or.1 | |||||
| 2015-11-11 | 2015-11-11 | Library Block B | 2015-11-11 | FOR | RUA028966 | B132 | Library Block B | FOR SAK 2006 B132 Or.2 | |||||
| 2015-11-11 | 2015-11-11 | Library Block B | 2015-11-11 | FOR | RUA028972 | B132 | Library Block B | FOR SAK 2006 B132 Or.3 | |||||
| 2015-11-11 | 2015-11-11 | Library Block B | 2015-11-11 | FOR | RUA028533 | B132 | Library Block B | FOR SAK 2006 B132 Or.4 | |||||
| 2015-11-11 | 2015-11-11 | Library Block B | 2015-11-11 | FOR | RUA028605 | B132 | Library Block B | FOR SAK 2006 B132 Or.5 | |||||
| 2015-11-11 | 2015-11-11 | Library Block B | 2015-11-11 | FOR | RUA028747 | B132 | Library Block B | FOR SAK 2006 B132 Or.6 |